| 000 | 00747nam a2200241Ia 4500 | ||
|---|---|---|---|
| 008 | 191130s1998##################000#0#eng## | ||
| 020 | _a9780716731047 | ||
| 022 | _a97051718 | ||
| 040 |
_aACL _cACL |
||
| 082 | _a305.26 POW | ||
| 100 | _aPowell, Douglas H | ||
| 245 |
_aThe nine myths of aging : maximizing the quality of later life _cDouglas H. Powell |
||
| 260 |
_aNew York _bW. H. Freeman _cc1998 |
||
| 300 | _aix, 246 p. ; 24 cm | ||
| 500 | _aIncludes bibliographical references (p. 205-234) and indexes | ||
| 650 | _aAging | ||
| 650 | _aOlder people - Health and hygiene | ||
| 650 | _aOlder people - Psychology | ||
| 650 | _aQuality of Life | ||
| 990 | _a90acc38eac10000c3556fb1843645ba0 | ||
| 991 | _a204080 | ||
| 999 |
_c61368 _d61368 |
||